Referenčné úrokové sadzby v IFRS 9 s účinnosťou od 1. januára 2020 a neskôr

Novelizácie, ktoré sa premietajú do štandardov venujúcich sa problematike finančných nástrojov, súvisia s reformou hlavných referenčných úrokových sadzieb. Referenčné úrokové sadzby stratili svoju dôveryhodnosť a rovnako bola spochybnená ich spoľahlivosť, keď v roku 2012 bola odhalená manipulácia sú...

Full description

Saved in:
Bibliographic Details
Main Author: Mokošová, Daša, 1979-
Format: Book Chapter
Language:Slovak
Subjects:
Tags: Add Tag
No Tags, Be the first to tag this record!

MARC

LEADER 00000naa a2200000 4500
001 0281624
005 20240502074403.6
041 0 |a slo 
044 |a SK 
245 1 0 |a Referenčné úrokové sadzby v IFRS 9 s účinnosťou od 1. januára 2020 a neskôr  |c Daša Mokošová 
520 |a Novelizácie, ktoré sa premietajú do štandardov venujúcich sa problematike finančných nástrojov, súvisia s reformou hlavných referenčných úrokových sadzieb. Referenčné úrokové sadzby stratili svoju dôveryhodnosť a rovnako bola spochybnená ich spoľahlivosť, keď v roku 2012 bola odhalená manipulácia súrokovou sadzbou LIBOR. 
610 2 0 |a sadzby úrokové 
610 2 0 |a IFRS 
610 2 0 |a novelizácia 
610 2 0 |a nástroje finančné 
100 1 |a Mokošová, Daša, 1979-